Les drapeaux du monde - Statistiques

Statistiques générales
  • Ce quiz a été pris 178 fois
  • Le résultat moyen est 36 sur 45
Statistiques - réponses
Question Tuile Select % Correct
les drapeaux européens Oui
99%
les drapeaux européens Non
99%
les drapeaux européens Non
98%
les drapeaux européens Non
95%
les drapeaux européens Non
95%
les drapeaux asiatiques Non
90%
les drapeaux africains Non
90%
les drapeaux africains Non
90%
les drapeaux asiatiques Non
89%
les drapeaux américains (Amérique) Non
89%
les drapeaux asiatiques Non
87%
les drapeaux asiatiques Non
87%
les drapeaux américains (Amérique) Oui
87%
les drapeaux américains (Amérique) Non
86%
les drapeaux européens Oui
85%
les drapeaux africains Oui
85%
les drapeaux américains (Amérique) Non
85%
les drapeaux africains Oui
84%
les drapeaux européens Oui
83%
les drapeaux asiatiques Oui
83%
les drapeaux africains Oui
83%
les drapeaux asiatiques Oui
82%
les drapeaux asiatiques Oui
80%
les drapeaux américains (Amérique) Oui
80%
les drapeaux océaniens Oui
80%
les drapeaux océaniens Non
80%
les drapeaux océaniens Non
79%
les drapeaux européens Oui
78%
les drapeaux africains Non
78%
les drapeaux américains (Amérique) Non
78%
les drapeaux africains Oui
77%
les drapeaux océaniens Non
75%
les drapeaux asiatiques Oui
73%
les drapeaux européens Oui
72%
les drapeaux africains Non
72%
les drapeaux africains Oui
69%
les drapeaux océaniens Non
69%
les drapeaux américains (Amérique) Oui
68%
les drapeaux américains (Amérique) Oui
68%
les drapeaux océaniens Oui
66%
les drapeaux océaniens Oui
63%
les drapeaux océaniens Oui
60%
les drapeaux asiatiques Oui
57%
les drapeaux océaniens Oui
51%
les drapeaux américains (Amérique) Oui
48%
Aucun quiz correspondant
Distribution des résultats
% des personnes avec chaque résultat
Percentile par nombre de réponses
Votre historique - résultats
Vous n’avez pas pris ce quiz